000
00333nam a2200145Ia 4500
003
OSt
005
20240615150423.0
008
170524s9999 xx 000 0 und d
020
_a
978-9390177530
040
_c
IIMTU
100
_a
BERI- G.C.
245
0
_a
Marketing Research
260
_b
TATA MCGRAW HILL NEW DELHI
942
_2
ddc
_c
02
999
_c
8482
_d
8482